| 000 | 00455nam a2200181Ia 4500 | ||
|---|---|---|---|
| 001 | 16767 | ||
| 005 | 20260306170335.0 | ||
| 008 | 260306t1993||||xx |||||||||||||| ||und|| | ||
| 041 | _aESP | ||
| 082 |
_a349.85 _bV32 |
||
| 100 |
_aVargas, Javier _eAUT |
||
| 245 | 0 |
_aHistoria del derecho peruano: _bparte general y derecho incaico |
|
| 260 | _c1993 | ||
| 300 |
_a280 páginas : _c24 cm. |
||
| 650 | _aGEN | ||
| 654 | _aCDE | ||
| 942 |
_cLIB _dJUS _fJUS _2ddc _n |
||
| 999 |
_c16767 _d16767 |
||